000 00332nam a22001097a 4500
040 _cSK
082 _a624
100 _aអឺុម ឈួន
245 _aលំនាំនៃការវិភាគដី ជាធម្មតាក្នុងធរណីសាស្រ្ត
260 _aRUA
_bអឹុម
_c1989
942 _cKB
999 _c9601
_d9601